| 000 | 01446nam a22003854a 4500 | ||
|---|---|---|---|
| 001 | ebr10361995 | ||
| 003 | CaPaEBR | ||
| 006 | m u | ||
| 007 | cr cn||||||||| | ||
| 008 | 080324s2008 njua sb 001 0 eng c | ||
| 010 | _z 2008925596 | ||
| 015 |
_aGBA881299 _2bnb |
||
| 016 | 7 |
_z101488791 _2DNLM |
|
| 016 | 7 |
_z014652980 _2Uk |
|
| 020 | _z9781934115381 (hdbk. : alk. paper) | ||
| 020 | _z193411538X (hdbk. : alk. paper) | ||
| 020 | _z9781597454810 (e-ISBN) | ||
| 020 | _z1597454818 (e-ISBN) | ||
| 040 |
_aCaPaEBR _cCaPaEBR |
||
| 035 | _a(OCoLC)552050626 | ||
| 050 | 1 | 4 |
_aQP364.7 _b.M638 2008eb |
| 245 | 0 | 0 |
_aMolecular mechanisms of neurotransmitter release _h[electronic resource] / _cZhao-Wen Wang, editor. |
| 260 |
_a[Totowa, N.J.?] : _bHumana Press, _cc2008. |
||
| 300 |
_axiii, 347 p. : _bill. + |
||
| 490 | 1 | _aContemporary neuroscience | |
| 504 | _aIncludes bibliographical references and index. | ||
| 533 |
_aElectronic reproduction. _bPalo Alto, Calif. : _cebrary, _d2011. _nAvailable via World Wide Web. _nAccess may be limited to ebrary affiliated libraries. |
||
| 650 | 0 | _aNeurotransmitters. | |
| 650 | 0 | _aNeural transmission. | |
| 655 | 7 |
_aElectronic books. _2local |
|
| 700 | 1 | _aWang, Zhao-Wen. | |
| 710 | 2 | _aebrary, Inc. | |
| 830 | 0 | _aContemporary neuroscience. | |
| 856 | 4 | 0 |
_uhttp://site.ebrary.com/lib/rucke/Doc?id=10361995 _zAn electronic book accessible through the World Wide Web; click to view |
| 999 |
_c105098 _d105098 |
||